00721nam a2200145Ia 4500008004100000050002500041100002500066245019500091260008600286300003400372521002300406942000700429999001900436952012000455140724s9999 xx 000 0 und d aPN 4787b.Al346 2009 aAlcala, Ma Monica M. aAttitude and acceptance of Metro Manilans on the Eye/Cornea donation program of the eye bank foundation of the Philippines :ba basis for a public relations campaign /cMa. Monica M. Alcala. aLas Piñas, Philippines :bSouthville International School and Colleges,cc2009. a137 p. :bcol. ill. ;c28 cm. aMass Communication cTH c228936d228936 001040aCLbCLcTHESESd2014-07-24l1oPN 4787 .Al346 2009pT0290r2018-05-15 00:00:00s2016-02-04w2014-07-24yTH